书目信息 |
| 题名: |
皇城根的三个世界
|
|
| 作者: | 魏霞 著 | |
| 分册: | ||
| 出版信息: | 北京 中国社会科学出版社 2016 |
|
| 页数: | 147页 | |
| 开本: | 24cm | |
| 丛书名: | ||
| 单 册: | ||
| 中图分类: | C912.4 | |
| 科图分类: | ||
| 主题词: | 胡同--hu tong--社会人类学--研究--北京市 | |
| 电子资源: | ||
| ISBN: | 978-7-5161-7429-6 | |
| 000 | 01125nam0 22002411 450 | |
| 001 | 1760955227 | |
| 005 | 20170619171939.0 | |
| 010 | @a978-7-5161-7429-6@dCNY39.00 | |
| 100 | @a20170406d2016 em y0chiy50 ea | |
| 101 | 0 | @achi |
| 102 | @aCN@b110000 | |
| 105 | @ay z 000yy | |
| 106 | @ar | |
| 200 | 1 | @a皇城根的三个世界@9huang cheng gen de san ge shi jie@f魏霞著 |
| 210 | @a北京@c中国社会科学出版社@d2016 | |
| 215 | @a147页@d24cm | |
| 300 | @a内蒙古师范大学学术著作出版基金资助出版 | |
| 330 | @a本书是一项以北京胡同为田野研究地点的社会人类学研究。文章以胡同功能的变化和居住人口成份变化为主线,描述经济变迁背景下胡同的社会文化变迁。“胡同”是一个满语词汇,是小街巷的称呼。作为传统的居住格局,胡同正在日新月异的城市建设中从人们的视野中消退,幸存的胡同大多被开发为旅游景点。“胡同游”成为外国人、外地人了解老北京人生活景象的方式,胡同居民亦在导游对历史的讲述和对现状的评说中成为被参观的对象,他们平凡的生活成了游客眼中一种文化的表演。 | |
| 606 | 0 | @a胡同@9hu tong@x社会人类学@x研究@x北京市 |
| 690 | @aC912.4@v5 | |
| 701 | 0 | @a魏霞@9wei xia@4著 |
| 801 | 0 | @aCN@b百万庄@c20170617 |
| 905 | @b1013736-8@dC912.4@e1043@f3 | |
| 皇城根的三个世界/魏霞著.-北京:中国社会科学出版社,2016 |
| 147页;24cm |
| 内蒙古师范大学学术著作出版基金资助出版 |
| ISBN 978-7-5161-7429-6:CNY39.00 |
| 本书是一项以北京胡同为田野研究地点的社会人类学研究。文章以胡同功能的变化和居住人口成份变化为主线,描述经济变迁背景下胡同的社会文化变迁。“胡同”是一个满语词汇,是小街巷的称呼。作为传统的居住格局,胡同正在日新月异的城市建设中从人们的视野中消退,幸存的胡同大多被开发为旅游景点。“胡同游”成为外国人、外地人了解老北京人生活景象的方式,胡同居民亦在导游对历史的讲述和对现状的评说中成为被参观的对象,他们平凡的生活成了游客眼中一种文化的表演。 |
| ● |
| 相关链接 |
|
|
|
|
正题名:皇城根的三个世界
索取号:C912.4/1043
 
预约/预借
| 序号 | 登录号 | 条形码 | 馆藏地/架位号 | 状态 | 备注 |
| 1 | 1013736 | 210137369 | 第一样本阅览室/ [索取号:C912.4/1043] | 在馆 | |
| 2 | 1013737 | 210137378 | 第一借阅区/ [索取号:C912.4/1043] | 在馆 | |
| 3 | 1013738 | 210137387 | 教育系资料室/ [索取号:C912.4/1043] | 在馆 |